000 03574namaa2200493uu 4500
001 doab121485
003 oapen
005 20260218110504.0
006 m o d
007 cr|mn|---annan
008 231116s2024 xx |||||o ||| 0|eng d
020 _a9781003387497
020 _a9781003387497
020 _a9781032481180
020 _a9781032481203
024 7 _a10.4324/9781003387497
_2doi
040 _aoapen
_coapen
_d
041 0 _aeng
042 _adc
720 1 _aEgeru, Anthony
_4edt
245 0 0 _aUniversity Engagement with Farming Communities in Africa
_bCommunity Action Research Platforms
260 _bTaylor & Francis
_c2024
300 _a1 online resource (329 p.)
336 _atext
_btxt
_2rdacontent
337 _acomputer
_bc
_2rdamedia
338 _aonline resource
_bcr
_2rdacarrier
490 1 _aEarthscan Food and Agriculture
506 0 _fUnrestricted online access
_2star
520 _aThis book explains and explores how collaborations can be built and strengthened between African universities and farming communities to address real-world contemporary challenges. The book focuses on Community Action Research Platforms, an approach that has successfully enabled African universities to break free of the ivory tower and prove their relevance to society through deep collaborative engagements in targeted agricultural value chains. Developed in a pan-African network of universities (RUFORUM) focused on capacity building in agriculture, the approach has been tested in diverse settings over the last 15 years. The book draws on the experiences and lessons from 21 different projects initiated by RUFORUM member universities in Benin, Botswana, Ethiopia, Ghana, Kenya, Malawi, Namibia, South Africa, Sudan, Tanzania, Uganda and Zimbabwe. It highlights a critical yet underutilised role for African universities as collaborators and catalysts for multisector solutions. These are solutions that increase productivity and address climate change. They develop livelihoods and resilience in rural communities, as well as promote farmers' access to markets, innovation and trade while safeguarding biodiversity and enhancing food and nutrition security. The book makes a case for repositioning African universities as fulcrums of development in society. It shares the rich experiences, learnings and scientific findings of diverse researchers, practitioners and students who have been working towards achieving this reality on the ground. This multidisciplinary book holds appeal for university leaders, higher education, agrifood and development specialists, researchers and practitioners, policymakers and development agencies engaged in African agriculture and rural development, higher education and sustainable growth.
540 _aCreative Commons
_fhttps://creativecommons.org/licenses/by-nc-nd/4.0/
_2cc
_uhttps://creativecommons.org/licenses/by-nc-nd/4.0/
546 _aEnglish
650 7 _aApplied ecology
_2bicssc
650 7 _aCentral government policies
_2bicssc
650 7 _aFood & society
_2bicssc
650 7 _aHigher & further education, tertiary education
_2bicssc
720 1 _aEgeru, Anthony
_4oth
720 1 _aLindow, Megan
_4edt
720 1 _aLindow, Megan
_4oth
720 1 _aMuir Leresche, Kay
_4edt
720 1 _aMuir Leresche, Kay
_4oth
793 0 _aDOAB Library.
856 _uhttps://docs.google.com/spreadsheets/d/1yKIrdCPDAG_9c22mwoOIO2DOhtj65Wqa/edit?usp=sharing&ouid=106555315294820607512&rtpof=true&sd=true
_yList of Curated E-Books
942 _cE-BOOK
999 _c81773
_d81772